Letra da música-Omnitrix-M4rkim - Statistics

Estatísticas Gerais
  • Esse quiz foi jogado 30 vezes
  • A pontuação média é 205 de 500
Estatísticas das Respostas
Resposta % Correto
a
96%
é
92%
e
92%
com
84%
relogio
84%
um
84%
de
80%
ben
76%
começou
76%
esquisito
76%
no
76%
o
76%
10
72%
historia
72%
pulso
72%
do
68%
ele
68%
pode
68%
poder
68%
vi
68%
poderes
64%
se
64%
na
56%
quando
56%
vai
56%
combate
52%
inimigos
52%
seu
52%
agora
48%
nao
48%
os
48%
vencer
48%
alienigena
44%
bem
44%
como
44%
dele
44%
eu
44%
me
44%
por
44%
seus
44%
tem
44%
vo
44%
combater
40%
faz
40%
omnitrix
40%
ou
40%
pra
40%
que
40%
ser
40%
agua
36%
alienigenas
36%
em
36%
entao
36%
medo
36%
meu
36%
mundo
36%
outro
36%
para
36%
quebrar
36%
salvar
36%
seres
36%
so
36%
ta
36%
ter
36%
terra
36%
vilgax
36%
ai
32%
botam
32%
chama
32%
garoto
32%
heroi
32%
isso
32%
kevin
32%
muito
32%
somente
32%
tudo
32%
uma
32%
vem
32%
vir
32%
vira
32%
acelerei
28%
besta
28%
carrego
28%
contar
28%
devo
28%
diamante
28%
escolho
28%
esqueça
28%
esse
28%
farejo
28%
fosse
28%
mao
28%
mas
28%
max
28%
minha
28%
portador
28%
portando
28%
queimando
28%
quer
28%
querendo
28%
responsabilidades
28%
sei
28%
voce
28%
ao
24%
ate
24%
atras
24%
baseia
24%
braço
24%
chamas
24%
cheiro
24%
corpo
24%
dentro
24%
escolha
24%
favor
24%
fazer
24%
ferias
24%
fogo
24%
ganho
24%
grandes
24%
incrivel
24%
indestrutivel
24%
lava
24%
nome
24%
percebi
24%
preciso
24%
prometo
24%
qual
24%
quatro
24%
sentindo
24%
to
24%
veio
24%
ver
24%
verdade
24%
vou
24%
absorver
20%
acontecer
20%
alguem
20%
aparece
20%
aparencia
20%
braços
20%
caminho
20%
cometa
20%
dessa
20%
eles
20%
escolhendo
20%
especie
20%
forma
20%
grudando
20%
hora
20%
imaginaria
20%
irada
20%
mim
20%
moleque
20%
normais
20%
origem
20%
porque
20%
rapido
20%
transformando
20%
alta
16%
apareceu
16%
aperto
16%
barato
16%
ce
16%
começa
16%
conhecendo
16%
descubro
16%
esmaga-lo
16%
esquecem
16%
essa
16%
estivesse
16%
forte
16%
incinerando
16%
ladraozinho
16%
mais
16%
mal
16%
maozinha
16%
nos
16%
outras
16%
pensei
16%
trama
16%
universo
16%
velocidade
16%
xlr8
16%
acabou
12%
accelerate
12%
aquele
12%
arma
12%
arrancar
12%
assim
12%
briga
12%
comprar
12%
encanadores
12%
eram
12%
explica
12%
facil
12%
faço
12%
falavam
12%
finalmente
12%
imaginam
12%
inteiro
12%
limite
12%
melhor
12%
nunca
12%
pessoas
12%
poderosa
12%
precisa
12%
querer
12%
redor
12%
rompa
12%
sabe
12%
sao
12%
seria
12%
sou
12%
sozinho
12%
tao
12%
tire
12%
tolo
12%
tomo
12%
usando
12%
vida
12%
virar
12%
agilidade
8%
aqui
8%
decisao
8%
disparidade
8%
ficar
8%
fui
8%
leve
8%
machuque
8%
maldade
8%
nada
8%
ninguem
8%
otima
8%
param
8%
partir
8%
pedida
8%
perigoso
8%
protegemos
8%
quero
8%
voltarei
8%
apenas
4%
completamente
4%
desbloqueado
4%
distroi
4%
esta
4%
inutil
4%
novo
4%
pelo
4%
rodar
4%
sabendo
4%
tenho
4%
visto
4%
Nenhum quiz correspondente encontrado
Distribuição das Pontuações
Porcentagem de Pessoas com Cada Pontuação
Percentil de Números Respondidos
Sua Pontuação Histórica
Você não jogou esse quiz